000 01391nam0a2200301 4500
001 RU\NLR\bibl\5719
005 20260406044849.0
010 _a5-86065-012-4
_93000
021 _aRU
_b98-7289
_9349
035 _a(NLR Aleph) 000005573
090 _a15888
_c15888
100 _a19980903d1998 |||y0rusy50 ca
101 0 _arus
102 _aRU
105 _ay |||||||||
200 1 _aТаможенное оформление подакцизных товаров, подлежащих маркировке
_eПособие для предпринимателей и специалистов
_fО.Л. Дементеев, В.Е. Коськин, Е.В. Скрыльникова
210 _aМ.
_cЭксперт. бюро - М
_d1998
215 _a95 с.
_d20
606 0 _aПодакцизные товары
_jРуководства, пособия и т.п.
_xТаможенное оформление
_yРоссийская Федерация
_92290057
_3RU\NLR\auth\661371557
686 _aУ43(2)-803.4я7
700 1 _4070
_8rus
_7ca
_aДементеев
_bО. Л.
_3RU\NLR\auth\774654
_9114631
701 1 _4070
_8rus
_7ca
_aКоськин
_bВ. Е.
_3RU\NLR\auth\774655
_9114632
701 1 _4070
_8rus
_7ca
_aСкрыльникова
_bЕ. В.
_3RU\NLR\auth\774656
_9114633
801 0 _aRU
_bNLR
_c19980903
_gPSBO
801 1 _aRU
_bNLR
_c19980903
852 _aNLR
_j98-4/1284
942 _cBOOK
980 _aNB